000 00757nam a2200289Ia 4500
005 20260324121539.0
008 008 260324s9999 xx 000 0 eng d
020 _a9780203726143
037 _aEBOOK
040 _aCRL
040 _beng
040 _cCRL
041 _2eng
041 _aeng
084 _qCRL
100 _aRebecca Hayes; Kate Luther; Susan Caringella
_91162929
245 0 _aTeaching Criminology at the Intersection
245 2 _bA how-to guide for teaching about gender, race, class and sexuality
260 _bTaylor and Francis
260 _c2014
365 _a
365 _b265
856 _uhttp://www.taylorfrancis.com/books/9780203726143
942 _cEBOOK
999 _c1755118
_d1755118